10 Największych państw na świecie - Statystyki

Ogólne statystyki
  • Ten quiz został rozwiązany 886 razy
  • Średni wynik to 9 z 10
Statystyki odpowiedzi
Hint Odpowiedź % Poprawnych
1 Rosja
100%
3 Chiny
98%
4 Stany Zjednoczone
97%
2 Kanada
96%
5 Brazylia
93%
7 Indie
86%
8 Argentyna
83%
6 Australia
82%
9 Kazachstan
75%
10 Algieria
64%
Nie znaleziono quizów pasujących do podanych kryteriów
Rozkład punktacji
Procent ludzi z każdym wynikiem
Percentyl według liczby udzielonych odpowiedzi
Twoja historia wyników
Nie rozwiązałeś tego quizu